000 00669nam a2200205Ia 4500
005 20260121110146.0
008 008 260114s9999 xx 000 0 hin d
020 _a9788132355946
037 _aEBOOK
040 _aCRL
_bhin
_cCRL
041 _ahin
_2hin
084 _qCRL
100 _aसुधा शर्मा / Sudha Sharma
_9942755
245 0 _aहिन्दी आलोचना की रूपरेखा / Hindi Alochana ki Rooprekha
260 _bभाषा प्रकाशन / Bhasha Prakashan
_c2021
856 _uhttps://bhashaprakashan.com/product-details/378731
942 _cEBOOK
999 _c1534420
_d1534420